00693cam a22002054a 4500008004100000020002400041050001600065245011200081260008100193300003600274500002000310504005100330650002400381700001600405700002100421700001800442003000100460005001700461040000900478  a1-4051-2409-1(pbk.)00aHD38.5bSUP00aSupply chains and total product systems :ba reader /ceditors, Ed Rhodes, James P. Warren and Ruth Carter. aMalden, MA :bBlackwell Pub. in association with the Open University,c2006. axviii, 527 p. :bill. ;c26 cm. aIncludes index. aIncludes bibliographical references and index. 0aBusiness logistics.1 aRhodes, Ed.1 aWarren, James P.1 aCarter, Ruth.20230123134509.0 cNUST